000 00631nam a2200229Ia 4500
005 20250425162332.0
008 250425s9999 xx 000 0 und d
020 _a9684182775
041 _aspa
082 _a465
110 _aEDICIONES CULTURALES INTERNACIONALES
245 0 _aEL PODER DEL LENGUAJE (TOMO 1): LA GRAMATICA Y SUS COMPONENTES
250 _a1A ED.
260 _aMEXICO
260 _aMéxico
_bEDICIONES CULTURALES INTERNACIONALES
_c2006
300 _a191
650 _aGRAMATICA DEL ESPAÑOL ESTANDAR
650 _aLENGUAJE ESPAÑOL
650 _aNORMAS GRAMATICALES
942 _c01
010 _a63382
999 _c227112
_d227112